|
|
|
|
| LEADER |
01818nam a22004335i 4500 |
| 001 |
41305 |
| 003 |
BD-DhAAL |
| 005 |
20230725104805.0 |
| 008 |
230725t2011 bg b b 001 0 eng d |
| 010 |
|
|
|a 2011321329
|
| 020 |
|
|
|a 9789842001703
|
| 025 |
|
|
|a B-E-2011-321329; 21-91
|
| 037 |
|
|
|b Library of Congress -- New Delhi Overseas Office
|
| 040 |
|
|
|a DLC
|b eng
|c DLC
|d DLC
|d BD-DhAAL
|
| 042 |
|
|
|a lcode
|a pcc
|
| 043 |
|
|
|a a-bg---
|
| 050 |
0 |
0 |
|a P119.32.B3
|b D55 2011
|
| 082 |
|
|
|a 491.4409
|2 23
|
| 100 |
1 |
|
|a Dil, Anwar S.
|9 55199
|
| 240 |
1 |
0 |
|a Bengali language movement to Bangladesh
|
| 245 |
1 |
0 |
|a Bengali language movement and creation of Bangladesh /
|c Anwar Dil and Afia Dil.
|
| 250 |
|
|
|a Bangladesh edition.
|
| 260 |
|
|
|a San Diego:
|b Intercultural Forum ;
|a Dhaka :
|b Adorn Books,
|c 2011.
|
| 300 |
|
|
|a 774 pages :
|b map ;
|c 25 cm.
|
| 490 |
0 |
|
|a Contributions to Bangladesh studies ;
|v volume viii
|
| 500 |
|
|
|a Previously published as: Bengali language movement to Bangladesh. 2000.
|
| 504 |
|
|
|a Includes bibliographical references (pages 742-764) and index.
|
| 541 |
|
|
|a Donated By Akbar Ali Khan
|e 41305
|
| 650 |
|
0 |
|a Bengali language movement.
|
| 650 |
|
0 |
|a Language planning
|z Bangladesh
|x History
|y 20th century.
|9 55200
|
| 650 |
|
0 |
|a Language policy
|z Bangladesh
|x History
|y 20th century.
|9 55201
|
| 650 |
|
0 |
|a Bengali language
|x Reform.
|9 55202
|
| 651 |
|
0 |
|a Bangladesh
|x Politics and government.
|
| 700 |
1 |
|
|a Dil, Afia.
|9 55203
|
| 830 |
|
|
|a Contributions to Bangladesh studies ;
|v volume viii
|9 55204
|
| 852 |
|
|
|a Ayesha Abed Library
|c Akbar Ali Khan Collection
|
| 942 |
|
|
|2 ddc
|c BK
|
| 999 |
|
|
|c 46028
|d 46028
|
| 952 |
|
|
|0 0
|1 0
|2 ddc
|4 0
|6 491_440900000000000_DIL
|7 1
|9 74125
|a BRACUL
|b BRACUL
|c AAKC
|d 2023-07-25
|e Donated By Akbar Ali Khan
|g 2000.00
|l 0
|o 491.4409 DIL
|p 3010041305
|r 2023-07-25
|t 1
|w 2023-07-25
|y BK
|